Western Roman Emperors in Order - Statistics

General Stats
  • This quiz has been taken 177 times
  • The average score is 38 of 95
Answer Stats
Hint Answer % Correct
27 BC - 14 AD Augustus
100%
14 - 37 Tiberius
100%
37 - 41 Caligula
97%
54 - 68 Nero
97%
41 - 54 Claudius
95%
68 - 69 Galba
87%
117 - 138 Hadrian
87%
96 - 98 Nerva
87%
69 Otho
87%
98 - 117 Trajan
87%
69 - 79 Vespasian
87%
138 - 161 Antoninus Pius
82%
161 - 180 Marcus Aurelius
82%
81 - 96 Domitian
79%
79 - 81 Titus
79%
69 Vitellius
79%
177 - 192 Commodus
74%
161 - 169 Lucius Verus
64%
193 Pertinax
62%
198 - 217 Caracalla
59%
193 - 211 Septimius Severus
56%
218 - 222 Elagabalus
51%
209 - 211 Geta
51%
217 - 218 Macrinus
51%
235 - 238 Maximinus Thrax
49%
238 Balbinus
46%
193 Didius Julianus
46%
238 Gordian I
46%
238 Gordian II
46%
238 - 244 Gordian III
46%
238 Pupienus
46%
222 - 235 Severus Alexander
46%
284 - 305 Diocletian
41%
244 - 249 Philip the Arab
41%
249 - 251 Decius
38%
475 - 476 Romulus Augustulus
38%
253 - 260 Valerian
38%
306 - 337 Constantine I
36%
286 - 305, 306 - 308 Maximian
36%
270 - 275 Aurelian
33%
247 - 249 Philip II
33%
251 - 253 Trebonianus Gallus
33%
253 Aemilianus
31%
283 - 285 Carinus
31%
282 - 283 Carus
31%
305 - 306 Constantius Chlorus
31%
305 - 311 Galerius
31%
283 - 284 Numerian
31%
364 - 378 Valens
31%
337 - 350 Constans I
28%
337 - 340 Constantine II
28%
337 - 361 Constantius II
28%
218 Diadumenian
28%
253 - 268 Gallienus
28%
251 Hostilian
28%
363 - 364 Jovian
28%
360 - 363 Julian
28%
306 - 312 Maxentius
28%
276 - 282 Probus
28%
275 - 276 Tacitus
28%
379 - 395 Theodosius I
28%
364 - 375 Valentinian I
28%
268 - 270 Claudius Gothicus
26%
276 Florianus
26%
367 - 383 Gratian
26%
393 - 423 Honorius
26%
308 - 324 Licinius
26%
270 Quintillus
26%
375 - 392 Valentinian II
26%
251 - 253 Volusianus
26%
251 Herennius Etruscus
23%
457 - 461 Majorian
23%
350 Vetranio
23%
467 - 472 Anthemius
21%
473 - 474 Glycerius
21%
474 - 480 Julius Nepos
21%
461 - 465 Libius Severus
21%
472 Olybrius
21%
306 - 307 Severus II
21%
425 - 455 Valentinian III
21%
455 - 456 Avitus
18%
310 - 313 Maximinus Daza
18%
455 Petronius Maximus
18%
260 Saloninus
18%
407 - 411 Constantine III
15%
324 Martinian
15%
316 - 317 Valerius Valens
15%
392 - 394 Eugenius
13%
350 - 353 Magnentius
13%
383 - 388 Magnus Maximus
13%
383 (?) - 388 Victor
13%
409 - 411 Constans II
10%
421 Constantius III
10%
423 - 425 Joannes
10%
409 - 410 Priscus Attalus
10%
No matching quizzes found
Score Distribution
Percent of People with Each Score
Percentile by Number Answered
Your Score History
You have not taken this quiz